| 000 | 02018nam2a22002651 4500 | ||
|---|---|---|---|
| 001 | v19\rc\2108141 | ||
| 005 | 20260414151249.0 | ||
| 035 | _a(NLR Aleph) 005180332 | ||
| 090 |
_a5129223 _c5129223 |
||
| 100 | _a20090914d1802 u y0rusy50 ca | ||
| 101 | 1 |
_arus _cfre |
|
| 102 | _aRU | ||
| 140 | _ay y eayaa0000 | ||
| 200 | 0 | _aЧ. 1 | |
| 210 | _d1802 | ||
| 215 | _a[2], 122 с., [1] л. ил. | ||
| 316 |
_aЭкз. РНБ (18.209.5.1(1)) ч.1-2 в одном пер. В цельнокожаном пер. На крышках пер. линейная рамка блинтового тиснения. На корешке тиснение золотом и белая кожаная наклейка с вытисн. золотом загл. На форзаце ярлык с шифром РНБ. На нахзаце шрифтовой ярлык книж. торговли В.И.Клочкова. На тит. л. и с.33 круглый штамп ГПБ. На тит. л. нечитаемая рукоп. надпись. Экз. деф.: отсутствует ил. _5NLR: 18.209.5.1(1) |
||
| 461 | 0 |
_1001v19\rc\2108140 _12001#$aАделаида, или Нещастия де ла Галетиерра во время Децемвирскаго правления, содержащия его гонения, побег в правление Робеспиерра, кораблекрушение и пребывание на необитаемом острове, последуемыя возвращением его во Францию.$eИстинная повесть.$fПереведена с тетьяго издания д. с. с. к. А.Г.$vЧ. 1 _1700#1$aРони$bА.Ж.$f1771-1814$gАнтуан Жозеф |
|
| 702 | 1 |
_aКлочков _bВ. И. _fок.1861-1915 _gВасилий Иванович _5NLR: 18.209.5.1(1) _3RU\NLR\AUTH\770172651 _4160 |
|
| 801 | 0 |
_aRU _bNLR _gpsbo |
|
| 801 | 1 |
_aRU _bProSoft-M _2rusmarc |
|
| 852 |
_aNLR _j18.209.5.1(1) |
||
| 942 | _cBOOK | ||
| 980 | _aNB | ||